[Event "Tenerife-chT Preferente"]
[Site "Tenerife"]
[Date "2015.06.06"]
[Round "14.1"]
[White "Rodriguez Gonzalez, Javier"]
[Black "Martin Hernandez, Jonas David"]
[Result "1-0"]
[WhiteElo "2251"]
[BlackElo "1911"]
[PlyCount "43"]
[EventDate "2015.01.24"]
[EventType "swiss"]
[EventRounds "14"]
[EventCountry "ESP"]
[SourceTitle "EXT 2024"]
[Source "ChessBase"]
[SourceDate "2023.10.10"]
[SourceVersion "1"]
[SourceVersionDate "2023.10.10"]
[SourceQuality "1"]
[WhiteTeam "Rey Ahogado"]
[BlackTeam "Piratas La Orotava"]
[WhiteTeamCountry "ESP"]
[BlackTeamCountry "ESP"]

1. d4 e5 2. dxe5 d6 3. Nf3 Bg4 4. e4 Nd7 5. Be2 dxe5 6. Be3 Ngf6 7. Nbd2 Bb4 8. 0-0 0-0 9. c3 Ba5 10. Nc4 Bb6 11. Nxb6 cxb6 12. Nd2 Be6 13. a3 Nc5 14. f3 Nh5 15. Nc4 Qf6 16. b4 Na4 17. Qc2 Nf4 18. Rfc1 Nxc3 19. Bf1 Nb5 20. Nxb6 Nxa3 21. Qc7 Nc4 22. Bxc4 1-0

[Event "Santa Cruz de Tenerife op 25th"]
[Site "Santa Cruz de Tenerife"]
[Date "2014.12.29"]
[Round "9"]
[White "Rodriguez Gonzalez, Javier"]
[Black "Mendez Acosta, Alexander Jesus"]
[Result "1-0"]
[WhiteElo "2251"]
[BlackElo "1499"]
[PlyCount "76"]
[EventDate "2014.12.15"]
[EventType "swiss"]
[EventRounds "9"]
[EventCountry "ESP"]
[SourceTitle "CBM 164 Extra"]
[Source "ChessBase"]
[SourceDate "2015.03.02"]
[SourceVersion "1"]
[SourceVersionDate "2015.03.02"]
[SourceQuality "1"]

1. d4 Nf6 2. Bg5 g6 3. Bxf6 exf6 4. c4 Bg7 5. Nc3 0-0 6. e3 Re8 7. g3 Nc6 8. Bg2 f5 9. Nge2 b6 10. 0-0 Bb7 11. Nd5 Na5 12. Qc2 c6 13. Ndf4 d5 14. cxd5 cxd5 15. Nc3 Rc8 16. Qd3 Nc4 17. Rab1 Nd6 18. Nfxd5 Ne4 19. Nf4 Rc7 20. Nxe4 fxe4 21. Qd2 Ba6 22. Rfc1 Bh6 23. Rxc7 Qxc7 24. Rc1 Qd6 25. Ne2 Bd3 26. Rc3 f5 27. Nc1 Bb5 28. Qc2 Qb4 29. a3 Qa5 30. Qb3+ Kh8 31. h4 Bg7 32. h5 Ba4 33. Qf7 Rf8 34. Qe6 Be8 35. Qb3 Qa4 36. Rc7 Rf6 37. Qd5 Bc6 38. Rc8+ Rf8 1-0

[Event "Santa Cruz de Tenerife op 25th"]
[Site "Santa Cruz de Tenerife"]
[Date "2014.12.26"]
[Round "8"]
[White "Alvarez Alonso, Alberto"]
[Black "Rodriguez Gonzalez, Javier"]
[Result "1-0"]
[WhiteElo "1825"]
[BlackElo "2251"]
[PlyCount "83"]
[EventDate "2014.12.15"]
[EventType "swiss"]
[EventRounds "9"]
[EventCountry "ESP"]
[SourceTitle "CBM 164 Extra"]
[Source "ChessBase"]
[SourceDate "2015.03.02"]
[SourceVersion "1"]
[SourceVersionDate "2015.03.02"]
[SourceQuality "1"]

1. e4 e6 2. d4 d5 3. exd5 exd5 4. Nf3 Bg4 5. h3 Bh5 6. Qe2+ Be7 7. Qb5+ Nd7 8. Qxd5 Ngf6 9. Qxb7 0-0 10. Bd3 c5 11. g4 Bg6 12. Bxg6 hxg6 13. c3 cxd4 14. cxd4 Rb8 15. Qa6 Bb4+ 16. Kf1 Qc7 17. Kg2 Nd5 18. a3 Bd6 19. Nc3 Nf4+ 20. Bxf4 Bxf4 21. Nd5 Qd6 22. Qxd6 Bxd6 23. b4 Rfd8 24. Rhe1 Rb5 25. Nc3 Rb6 26. Nd5 Rb5 27. Ne7+ Kf8 28. Nc6 Ra8 29. a4 Rb7 30. b5 Nb6 31. Reb1 Nd5 32. Kf1 f6 33. Nd2 Kf7 34. Ne4 Bf4 35. Nc5 Rc7 36. a5 Rh8 37. Rb3 Bd2 38. Ke2 Bg5 39. Ra2 Nf4+ 40. Kd1 Nxh3 41. Nxa7 Rxa7 42. b6 1-0

[Event "Santa Cruz de Tenerife Autumn op"]
[Site "Santa Cruz de Tenerife"]
[Date "2014.11.05"]
[Round "5"]
[White "Hernandez Leon, Sergio"]
[Black "Rodriguez Gonzalez, Javier"]
[Result "1/2-1/2"]
[WhiteElo "2075"]
[BlackElo "2229"]
[PlyCount "50"]
[EventDate "2014.10.27"]
[EventType "swiss"]
[EventRounds "9"]
[EventCountry "ESP"]
[SourceTitle "CBM 163 Extra"]
[Source "ChessBase"]
[SourceDate "2014.12.23"]
[SourceVersion "1"]
[SourceVersionDate "2014.12.23"]
[SourceQuality "1"]

1. d4 d5 2. c4 e6 3. Nf3 Nf6 4. g3 Nbd7 5. Bg2 c6 6. Nbd2 Be7 7. 0-0 0-0 8. b3 b6 9. Bb2 Bb7 10. Qc2 Rc8 11. e4 Nxe4 12. Nxe4 dxe4 13. Qxe4 Ba8 14. Rad1 Qc7 15. Ne5 Nxe5 16. dxe5 c5 17. Qg4 Bxg2 18. Kxg2 Rcd8 19. f4 Rxd1 20. Rxd1 Rd8 21. Kf2 Rxd1 22. Qxd1 Qc6 23. Qf3 Qxf3+ 24. Kxf3 Kf8 25. g4 Ke8 1/2-1/2

[Event "Santa Cruz de Tenerife Autumn op"]
[Site "Santa Cruz de Tenerife"]
[Date "2014.10.30"]
[Round "3"]
[White "Ramos Aguilar, Jose Manuel"]
[Black "Rodriguez Gonzalez, Javier"]
[Result "0-1"]
[WhiteElo "2103"]
[BlackElo "2229"]
[PlyCount "54"]
[EventDate "2014.10.27"]
[EventType "swiss"]
[EventRounds "9"]
[EventCountry "ESP"]
[SourceTitle "CBM 163 Extra"]
[Source "ChessBase"]
[SourceDate "2014.12.23"]
[SourceVersion "1"]
[SourceVersionDate "2014.12.23"]
[SourceQuality "1"]

1. d4 d5 2. Nf3 Nf6 3. c4 e6 4. g3 Nbd7 5. Bg2 c6 6. 0-0 Bd6 7. Qc2 0-0 8. Nbd2 Re8 9. Rd1 Qe7 10. e4 Nxe4 11. Nxe4 dxe4 12. Qxe4 e5 13. dxe5 Nxe5 14. Nxe5 Bxe5 15. Bf4 Bf6 16. Qxe7 Bxe7 17. b3 Bf5 18. Re1 g5 19. Be3 Bb4 20. Rf1 Bd3 21. Rfd1 Bc3 22. Rac1 Bb2 23. Rxd3 Bxc1 24. Bxc1 Re1+ 25. Bf1 Rxc1 26. Kg2 Re8 27. Rf3 Ree1 0-1

[Event "Tenerife-chT Preferente 1314"]
[Site "Tenerife"]
[Date "2014.03.29"]
[Round "12.2"]
[White "Rodriguez Gonzalez, Javier"]
[Black "Lopez Pereyra, Antonio"]
[Result "1-0"]
[WhiteElo "2235"]
[BlackElo "2123"]
[PlyCount "73"]
[EventDate "2013.12.14"]
[EventType "team-tourn"]
[EventRounds "14"]
[EventCountry "ESP"]
[SourceTitle "EXT 2015"]
[Source "ChessBase"]
[SourceDate "2014.11.20"]
[SourceVersion "1"]
[SourceVersionDate "2014.11.20"]
[SourceQuality "1"]
[WhiteTeam "Rey Ahogado"]
[BlackTeam "El Sauzal Libreria Barco"]
[WhiteTeamCountry "ESP"]
[BlackTeamCountry "ESP"]

1. d4 f5 2. g3 Nf6 3. Bg2 e6 4. Nh3 Be7 5. Nd2 d6 6. e4 Nc6 7. exf5 Nxd4 8. fxe6 Nxe6 9. 0-0 0-0 10. Ne4 c6 11. Nf4 Nxf4 12. Bxf4 d5 13. Nxf6+ Bxf6 14. c3 Bf5 15. Qb3 Qd7 16. Rad1 Qf7 17. Rfe1 Rad8 18. Be3 b6 19. a4 Qg6 20. Rd2 Rfe8 21. Ra1 h5 22. a5 bxa5 23. Qa4 h4 24. Qxc6 hxg3 25. hxg3 Rxe3 26. fxe3 Qxg3 27. Qc5 Be5 28. Rxd5 Qh2+ 29. Kf1 Rf8 30. Rxe5 Bd3+ 31. Ke1 Qg3+ 32. Kd2 Qxg2+ 33. Kxd3 Rd8+ 34. Kc4 Qxb2 35. Re8+ Rxe8 36. Qd5+ Kh8 37. Qh5+ 1-0

[Event "Tenerife-chT Preferente 1314"]
[Site "Tenerife"]
[Date "2014.03.15"]
[Round "10.1"]
[White "Perez Barreto, Adrian"]
[Black "Rodriguez Gonzalez, Javier"]
[Result "0-1"]
[WhiteElo "2069"]
[BlackElo "2235"]
[PlyCount "38"]
[EventDate "2013.12.14"]
[EventType "team-tourn"]
[EventRounds "14"]
[EventCountry "ESP"]
[SourceTitle "EXT 2015"]
[Source "ChessBase"]
[SourceDate "2014.11.20"]
[SourceVersion "1"]
[SourceVersionDate "2014.11.20"]
[SourceQuality "1"]
[WhiteTeam "Canarias 64"]
[BlackTeam "Rey Ahogado"]
[WhiteTeamCountry "ESP"]
[BlackTeamCountry "ESP"]

1. d4 d5 2. c4 e6 3. Nc3 Nf6 4. cxd5 exd5 5. Bg5 Bb4 6. Qc2 h6 7. Bh4 Nbd7 8. e3 g5 9. Bg3 Ne4 10. Nge2 Nb6 11. f3 Nxg3 12. Nxg3 Qe7 13. e4 Be6 14. 0-0-0 0-0-0 15. e5 Kb8 16. Bd3 c5 17. dxc5 Qxc5 18. Kb1 d4 19. Na4 Qa5 0-1

[Event "Tenerife-chT Preferente 1314"]
[Site "Tenerife"]
[Date "2014.02.01"]
[Round "5.2"]
[White "Lopez Pereyra, Antonio"]
[Black "Rodriguez Gonzalez, Javier"]
[Result "0-1"]
[WhiteElo "2123"]
[BlackElo "2235"]
[PlyCount "108"]
[EventDate "2013.12.14"]
[EventType "team-tourn"]
[EventRounds "14"]
[EventCountry "ESP"]
[SourceTitle "EXT 2015"]
[Source "ChessBase"]
[SourceDate "2014.11.20"]
[SourceVersion "1"]
[SourceVersionDate "2014.11.20"]
[SourceQuality "1"]
[WhiteTeam "El Sauzal Libreria Barco"]
[BlackTeam "Rey Ahogado"]
[WhiteTeamCountry "ESP"]
[BlackTeamCountry "ESP"]

1. e4 e6 2. d4 d5 3. Nc3 Nc6 4. Nf3 Nf6 5. e5 Ne4 6. a3 f6 7. Bb5 Bd7 8. Qe2 f5 9. 0-0 Be7 10. Nd1 0-0 11. Bxc6 Bxc6 12. Ne1 Ng5 13. Nd3 Bb5 14. b3 Qd7 15. N1b2 Nf7 16. c4 Ba6 17. Be3 Nh8 18. Qc2 Ng6 19. f4 b6 20. Rfc1 c5 21. dxc5 d4 22. Bf2 bxc5 23. b4 Rac8 24. Qe2 Rfd8 25. b5 Bb7 26. a4 a6 27. Bg3 Ba8 28. Ne1 Qb7 29. Nbd3 Rd7 30. Rcb1 Bd8 31. a5 axb5 32. Rxb5 Qa7 33. Nf3 h6 34. Nd2 Be7 35. Nb3 Be4 36. Nbc1 Bc6 37. Rb6 Nf8 38. Qb2 Rb7 39. Ne2 Rcb8 40. Rxb7 Rxb7 41. Qa3 Qa6 42. Rc1 Qa7 43. a6 Rb8 44. Ra1 Kf7 45. Nec1 Be4 46. Qa5 Nd7 47. h4 Rb6 48. h5 Ba8 49. Ra3 Rb1 50. Kh2 Be4 51. Qa4 Nb8 52. Nf2 Rxc1 53. Nxe4 fxe4 54. Rb3 Qxa6 0-1

[Event "Tenerife-chT Preferente 1314"]
[Site "Tenerife"]
[Date "2014.01.25"]
[Round "4.2"]
[White "Rodriguez Gonzalez, Javier"]
[Black "Pereda de Pablo, Ernesto"]
[Result "1-0"]
[WhiteElo "2235"]
[BlackElo "2101"]
[PlyCount "100"]
[EventDate "2013.12.14"]
[EventType "team-tourn"]
[EventRounds "14"]
[EventCountry "ESP"]
[SourceTitle "EXT 2015"]
[Source "ChessBase"]
[SourceDate "2014.11.20"]
[SourceVersion "1"]
[SourceVersionDate "2014.11.20"]
[SourceQuality "1"]
[WhiteTeam "Rey Ahogado"]
[BlackTeam "Laguna Cotelec"]
[WhiteTeamCountry "ESP"]
[BlackTeamCountry "ESP"]

1. d4 Nf6 2. Bg5 Ne4 3. Bf4 c5 4. f3 Qa5+ 5. c3 Nf6 6. d5 Qb6 7. Bc1 e6 8. e4 exd5 9. exd5 c4 10. Qe2+ Be7 11. Be3 Qd6 12. Nd2 Nxd5 13. Nxc4 Qe6 14. Bf2 Nc6 15. 0-0-0 Bg5+ 16. Kb1 0-0 17. g3 b5 18. Qxe6 dxe6 19. Nd6 a6 20. f4 Be7 21. Nxc8 Raxc8 22. Bg2 Nf6 23. Ne2 Ng4 24. Bb6 Nf6 25. Rhe1 b4 26. c4 Nb8 27. b3 Bc5 28. Bxc5 Rxc5 29. Rd6 a5 30. Nc1 Rc7 31. Nd3 Rd7 32. Rxd7 Nbxd7 33. Ne5 Nb8 34. Rd1 g6 35. Rd6 Kg7 36. Kc2 Rc8 37. Rb6 Nfd7 38. Nxd7 Nxd7 39. Rb7 Nf6 40. Bf3 Rc5 41. Rb5 Nd7 42. Kd3 e5 43. Rb7 Nf6 44. fxe5 Rxe5 45. Rb5 Re1 46. Rxa5 Rc1 47. Bb7 Nd7 48. Rd5 Nf6 49. Rb5 Rd1+ 50. Kc2 Rh1 1-0

[Event "Tenerife Navidad op 24th"]
[Site "Tenerife"]
[Date "2013.12.23"]
[Round "7"]
[White "Rodriguez Gonzalez, Javier"]
[Black "Hernandez Leon, Sergio"]
[Result "1/2-1/2"]
[WhiteElo "2235"]
[BlackElo "2101"]
[PlyCount "56"]
[EventDate "2013.12.13"]
[EventType "swiss"]
[EventRounds "9"]
[EventCountry "ESP"]
[SourceTitle "CBM 158 Extra"]
[Source "ChessBase"]
[SourceDate "2014.02.28"]
[SourceVersion "1"]
[SourceVersionDate "2014.02.28"]
[SourceQuality "1"]

1. d4 Nf6 2. Bg5 d5 3. Bxf6 exf6 4. e3 Bd6 5. g3 0-0 6. Bg2 c6 7. Nd2 Be6 8. Ne2 Nd7 9. e4 dxe4 10. Nxe4 Be7 11. 0-0 f5 12. N4c3 Nf6 13. Qd2 Nd5 14. a3 a5 15. Rad1 a4 16. Nf4 Nxf4 17. Qxf4 Bg5 18. Qf3 Bf6 19. d5 cxd5 20. Nxd5 Bxb2 21. c4 Bxd5 22. cxd5 Qd6 23. Rd3 Rab8 24. Rb1 Bf6 25. Qxf5 g6 26. Qg4 b5 27. h4 h6 28. Qb4 Be7 1/2-1/2

[Event "Tenerife Navidad op 24th"]
[Site "Tenerife"]
[Date "2013.12.16"]
[Round "2"]
[White "Rodriguez Gonzalez, Javier"]
[Black "Gonzalez Garcia, Zoilo"]
[Result "1/2-1/2"]
[WhiteElo "2235"]
[BlackElo "1722"]
[PlyCount "93"]
[EventDate "2013.12.13"]
[EventType "swiss"]
[EventRounds "9"]
[EventCountry "ESP"]
[SourceTitle "CBM 158 Extra"]
[Source "ChessBase"]
[SourceDate "2014.02.28"]
[SourceVersion "1"]
[SourceVersionDate "2014.02.28"]
[SourceQuality "1"]

1. d4 Nf6 2. Bg5 e6 3. Nf3 b6 4. e3 Be7 5. Bd3 0-0 6. Nbd2 c5 7. c3 d5 8. Ne5 Nfd7 9. Bf4 Nxe5 10. dxe5 Nc6 11. Nf3 f6 12. h4 fxe5 13. Bxh7+ Kxh7 14. Ng5+ Kg8 15. Qh5 Bxg5 16. hxg5 Rxf4 17. g6 Kf8 18. Qh8+ Ke7 19. Qxg7+ Kd6 20. exf4 Qe7 21. Qh8 Bb7 22. g7 Qf7 23. f5 exf5 24. Rh6+ Kd7 25. Qh7 Rg8 26. Rg6 Ne7 27. Rg3 f4 28. Rg5 Qf6 29. Qh4 Rxg7 30. Qg4+ Nf5 31. Rxg7+ Qxg7 32. Qxf5+ Kd6 33. 0-0-0 d4 34. cxd4 cxd4 35. Rh1 Qc7+ 36. Kb1 Bc8 37. Qf8+ Kd5 38. Rc1 Qh7+ 39. Ka1 Be6 40. f3 d3 41. Qa8+ Kd4 42. Qc6 Qf5 43. Qc3+ Ke3 44. Qe1+ Kd4 45. Qc3+ Ke3 46. Qe1+ Kd4 47. Qc3+ 1/2-1/2

[Event "Tenerife op 20th"]
[Site "Tenerife"]
[Date "2009.12.23"]
[Round "5"]
[White "Rodriguez Gonzalez, Javier"]
[Black "Lopez Reboso, Hector Emilio"]
[Result "1-0"]
[WhiteElo "2226"]
[BlackElo "1976"]
[PlyCount "41"]
[EventDate "2009.12.19"]
[EventType "swiss"]
[EventRounds "9"]
[EventCountry "ESP"]
[SourceTitle "CBM 134 Extra"]
[Source "ChessBase"]
[SourceDate "2010.03.03"]
[SourceVersion "1"]
[SourceVersionDate "2010.03.03"]
[SourceQuality "1"]

1. d4 d5 2. Bf4 Nf6 3. Nd2 Nbd7 4. e3 e6 5. Ngf3 Bd6 6. Ne5 Qe7 7. Bd3 Nf8 8. 0-0 Ng6 9. Bg3 Nd7 10. f4 c5 11. c3 a6 12. Qh5 Ndxe5 13. fxe5 Bc7 14. Rf2 0-0 15. Raf1 Bd7 16. Nf3 Bb5 17. Bxb5 axb5 18. Ng5 h6 19. Nxf7 Kh7 20. Rf6 gxf6 21. Qxh6+ 1-0

[Event "Madrid-ch sf-A"]
[Site "Madrid"]
[Date "2009.01.27"]
[Round "8"]
[White "Hernandez Gallardo, Francisco Javier"]
[Black "Rodriguez Gonzalez, Javier"]
[Result "1-0"]
[WhiteElo "2281"]
[BlackElo "2262"]
[PlyCount "65"]
[EventDate "2009.01.12"]
[EventType "swiss"]
[EventRounds "9"]
[EventCountry "ESP"]
[SourceTitle "CBM 128 Extra"]
[Source "ChessBase"]
[SourceDate "2009.03.05"]
[SourceVersion "2"]
[SourceVersionDate "2009.03.25"]
[SourceQuality "1"]

1. e4 e6 2. d3 d5 3. Nd2 Nf6 4. c3 a5 5. Ngf3 Nc6 6. Be2 Be7 7. 0-0 0-0 8. Qc2 b6 9. Re1 dxe4 10. dxe4 Bb7 11. Nf1 Ng4 12. Bf4 Bc5 13. Bg3 Qc8 14. a3 Ba6 15. Bxa6 Qxa6 16. h3 Nf6 17. Bxc7 a4 18. Rad1 Rac8 19. Bd6 Rfd8 20. Bxc5 bxc5 21. Rxd8+ Rxd8 22. e5 Nd7 23. Ng5 Nf8 24. Re4 Ra8 25. Ne3 h6 26. Nf3 Nd7 27. Ng4 Nb6 28. Qd2 Rd8 29. Qe3 Rd1+ 30. Kh2 Nd7 31. Nxh6+ gxh6 32. Qxh6 Ne7 33. Ng5 1-0

[Event "Madrid-ch sf-A"]
[Site "Madrid"]
[Date "2009.01.26"]
[Round "7"]
[White "Rodriguez Gonzalez, Javier"]
[Black "Tejedor Ariza, Francisco"]
[Result "1/2-1/2"]
[WhiteElo "2262"]
[BlackElo "2089"]
[PlyCount "106"]
[EventDate "2009.01.12"]
[EventType "swiss"]
[EventRounds "9"]
[EventCountry "ESP"]
[SourceTitle "CBM 128 Extra"]
[Source "ChessBase"]
[SourceDate "2009.03.05"]
[SourceVersion "2"]
[SourceVersionDate "2009.03.25"]
[SourceQuality "1"]

1. d4 d5 2. Bg5 h6 3. Bh4 c6 4. Nf3 Qb6 5. b3 Bf5 6. e3 e6 7. Bd3 Be7 8. Bxf5 exf5 9. Qd3 Bxh4 10. Nxh4 g6 11. 0-0 Nd7 12. c4 Ngf6 13. Nc3 Ne4 14. Rfc1 Nxc3 15. Rxc3 Nf6 16. Nf3 0-0 17. Ne5 Rfd8 18. c5 Qc7 19. b4 Nd7 20. Nf3 a6 21. a4 f4 22. Qd2 Nf6 23. Rca3 Ne4 24. Qb2 g5 25. Ne5 f6 26. Nd3 fxe3 27. fxe3 b6 28. Qc2 Rdb8 29. Rc1 b5 30. axb5 axb5 31. Rca1 Rxa3 32. Rxa3 Kg7 33. Qa2 Rb7 34. Nf2 Qe7 35. Ra6 Rc7 36. Qc2 Nxf2 37. Kxf2 Qe6 38. h3 f5 39. Qd3 Kf6 40. Ra8 Kg7 41. Rd8 Rd7 42. Rxd7+ Qxd7 43. Qa3 Qe6 44. Qa7+ Kg6 45. Qc7 h5 46. Qd6 Kf7 47. Qd8 Qe7 48. Qh8 Kg6 49. Qg8+ Kh6 50. Qc8 Qf6 51. Qe8 h4 52. Qd7 Kg6 53. Kf3 Kh6 1/2-1/2

[Event "Madrid-ch sf-A"]
[Site "Madrid"]
[Date "2009.01.21"]
[Round "6"]
[White "Rodriguez Gonzalez, Javier"]
[Black "Lopez Andujar Ocana, Antonio"]
[Result "1-0"]
[WhiteElo "2262"]
[BlackElo "2137"]
[PlyCount "47"]
[EventDate "2009.01.12"]
[EventType "swiss"]
[EventRounds "9"]
[EventCountry "ESP"]
[SourceTitle "CBM 128 Extra"]
[Source "ChessBase"]
[SourceDate "2009.03.05"]
[SourceVersion "2"]
[SourceVersionDate "2009.03.25"]
[SourceQuality "1"]

1. d4 Nf6 2. Bg5 d5 3. Nd2 e6 4. e3 h6 5. Bh4 c6 6. Bd3 Qb6 7. Rb1 c5 8. c3 Bd7 9. Qe2 Bc6 10. Ngf3 Nbd7 11. 0-0 Ne4 12. c4 g5 13. Bg3 Nxd2 14. Nxd2 cxd4 15. b4 dxc4 16. Nxc4 Qd8 17. b5 Bd5 18. Nd6+ Bxd6 19. Bxd6 Qb6 20. Bb4 dxe3 21. fxe3 0-0-0 22. a4 Kb8 23. a5 Qc7 24. e4 1-0

[Event "Madrid-ch sf-A"]
[Site "Madrid"]
[Date "2009.01.12"]
[Round "1"]
[White "Cortes Jurado, Rafael"]
[Black "Rodriguez Gonzalez, Javier"]
[Result "0-1"]
[WhiteElo "2050"]
[BlackElo "2262"]
[PlyCount "94"]
[EventDate "2009.01.12"]
[EventType "swiss"]
[EventRounds "9"]
[EventCountry "ESP"]
[SourceTitle "CBM 128 Extra"]
[Source "ChessBase"]
[SourceDate "2009.03.05"]
[SourceVersion "2"]
[SourceVersionDate "2009.03.25"]
[SourceQuality "1"]

1. e4 e6 2. d4 d5 3. e5 b6 4. Nf3 Qd7 5. Bd3 Ba6 6. 0-0 c5 7. c3 Ne7 8. a4 Bxd3 9. Qxd3 Nbc6 10. Na3 cxd4 11. cxd4 Nb4 12. Qb5 Nec6 13. Bd2 a6 14. Qe2 Be7 15. Rfc1 0-0 16. Nc2 Rfc8 17. Nxb4 Nxb4 18. Bxb4 Bxb4 19. Rxc8+ Qxc8 20. h4 Ra7 21. Qe3 Rc7 22. h5 h6 23. g4 Be7 24. Qb3 Qb7 25. Kg2 Rc4 26. a5 b5 27. Qe3 Qc7 28. b3 Rc3 29. Qf4 Rxb3 30. Rc1 Rc3 31. Rxc3 Qxc3 32. g5 hxg5 33. Nxg5 Bxg5 34. Qxg5 Qxd4 35. f3 Qd3 36. Qd8+ Kh7 37. Qb6 Qe2+ 38. Kg1 b4 39. Qxb4 Qxf3 40. Qb6 Qe2 41. Qb7 Qe1+ 42. Kg2 Qxa5 43. Qxf7 Qd2+ 44. Kg3 Qe3+ 45. Kg2 Qe4+ 46. Kg1 Qg4+ 47. Kh2 a5 0-1

[Event "San Sebastian op 18th"]
[Site "San Sebastian"]
[Date "2008.09.22"]
[Round "4"]
[White "Rodriguez Gonzalez, Javier"]
[Black "Paunovic, Dragan"]
[Result "0-1"]
[WhiteElo "2280"]
[BlackElo "2539"]
[PlyCount "68"]
[EventDate "2008.09.20"]
[EventType "swiss"]
[EventRounds "9"]
[EventCountry "ESP"]
[SourceTitle "CBM 126 Extra"]
[Source "ChessBase"]
[SourceDate "2008.11.05"]
[SourceVersion "1"]
[SourceVersionDate "2008.11.05"]
[SourceQuality "1"]

1. d4 d6 2. e4 Nf6 3. Bd3 e5 4. c3 g6 5. Ne2 Bg7 6. 0-0 0-0 7. f4 exd4 8. cxd4 Nbd7 9. Nbc3 c5 10. dxc5 Nxc5 11. Bc2 Re8 12. Ng3 Bg4 13. Qd2 Qb6 14. Qf2 Bd7 15. h3 Bc6 16. Re1 h5 17. Kh2 h4 18. Nge2 Bxe4 19. Nxe4 Ncxe4 20. Qxh4 Qc5 21. Bb3 a5 22. Ng3 a4 23. Be3 Qb5 24. Nxe4 Nxe4 25. Bd1 a3 26. Be2 Qa5 27. bxa3 Bxa1 28. Rxa1 Qc3 29. f5 Qxe3 30. fxg6 fxg6 31. Bc4+ Kg7 32. Rf1 Ng5 33. Rb1 Re7 34. Rb3 Qe5+ 0-1

[Event "San Sebastian op 17th"]
[Site "San Sebastian"]
[Date "2007.09.29"]
[Round "9"]
[White "Salcedo, Marc"]
[Black "Rodriguez Gonzalez, Javier"]
[Result "0-1"]
[WhiteElo "2008"]
[BlackElo "2261"]
[PlyCount "58"]
[EventDate "2007.09.21"]
[EventType "swiss"]
[EventRounds "9"]
[EventCountry "ESP"]
[SourceTitle "CBM 120 Extra"]
[Source "ChessBase"]
[SourceDate "2007.11.01"]
[SourceVersion "1"]
[SourceVersionDate "2007.11.01"]
[SourceQuality "1"]

1. e4 e6 2. d4 d5 3. e5 c5 4. c3 Qb6 5. Nf3 Bd7 6. Be2 Bb5 7. c4 Bxc4 8. Bxc4 Qb4+ 9. Nbd2 dxc4 10. a3 Qb5 11. 0-0 Nc6 12. dxc5 Bxc5 13. Qc2 Nge7 14. Nxc4 0-0 15. Nd6 Bxd6 16. exd6 Nd5 17. Ng5 Nf6 18. Rd1 h6 19. Ne4 Nd5 20. Bxh6 f5 21. Nc5 gxh6 22. Nxe6 Rf6 23. Nc7 Nxc7 24. dxc7 Rf7 25. Rd6 Rc8 26. Rxh6 Rcxc7 27. Qc3 Qe5 28. Qh3 Rce7 29. g3 Rh7 0-1

[Event "San Sebastian op 17th"]
[Site "San Sebastian"]
[Date "2007.09.26"]
[Round "6"]
[White "Rodriguez Gonzalez, Javier"]
[Black "Andres Gonzalez, Alberto"]
[Result "1/2-1/2"]
[WhiteElo "2261"]
[BlackElo "2435"]
[PlyCount "39"]
[EventDate "2007.09.21"]
[EventType "swiss"]
[EventRounds "9"]
[EventCountry "ESP"]
[SourceTitle "CBM 120 Extra"]
[Source "ChessBase"]
[SourceDate "2007.11.01"]
[SourceVersion "1"]
[SourceVersionDate "2007.11.01"]
[SourceQuality "1"]

1. d4 d5 2. Nf3 Nf6 3. Bg5 Ne4 4. Bf4 c5 5. e3 Nc6 6. c3 Qb6 7. Qc1 Bf5 8. Nbd2 Rc8 9. Be2 cxd4 10. exd4 e6 11. 0-0 Be7 12. Nxe4 dxe4 13. Ne5 Nxd4 14. Bh5 Bg6 15. Qd1 Bxh5 16. Qxh5 g6 17. Qd1 f6 18. cxd4 fxe5 19. Bxe5 0-0 20. Qe2 1/2-1/2

[Event "Collado Villalba op 24th"]
[Site "Collado Villalba"]
[Date "2007.08.23"]
[Round "1"]
[White "Hernandez Yanez, Javier"]
[Black "Rodriguez Gonzalez, Javier"]
[Result "0-1"]
[WhiteElo "1959"]
[BlackElo "2261"]
[PlyCount "34"]
[EventDate "2007.08.23"]
[EventType "swiss"]
[EventRounds "9"]
[EventCountry "ESP"]
[SourceTitle "EXT 2008"]
[Source "ChessBase"]
[SourceDate "2007.11.25"]
[SourceVersion "1"]
[SourceVersionDate "2007.11.25"]
[SourceQuality "1"]

1. d4 d5 2. c4 e6 3. Nc3 c5 4. e3 Nf6 5. Nf3 Nc6 6. a3 a6 7. dxc5 Bxc5 8. b4 Be7 9. Bb2 0-0 10. Qc2 Qc7 11. Be2 dxc4 12. Bxc4 b5 13. Bd3 Bb7 14. 0-0 Rac8 15. Rad1 h6 16. Qb1 Ng4 17. Ne4 f5 0-1

[Event "Galapagar op 08th"]
[Site "Galapagar"]
[Date "2007.07.23"]
[Round "3.8"]
[White "Rodriguez Gonzalez, Javier"]
[Black "Davicce Canada, Juan Antonio"]
[Result "0-1"]
[WhiteElo "2261"]
[BlackElo "2065"]
[PlyCount "154"]
[EventDate "2007.07.21"]
[EventType "swiss"]
[EventRounds "9"]
[EventCountry "ESP"]
[SourceTitle "EXT 2024"]
[Source "ChessBase"]
[SourceDate "2023.10.10"]
[SourceVersion "1"]
[SourceVersionDate "2023.10.10"]
[SourceQuality "1"]

1. d4 Nf6 2. Bg5 e6 3. Nf3 c5 4. e3 Be7 5. Nbd2 0-0 6. Bd3 cxd4 7. exd4 b6 8. 0-0 Ba6 9. c4 d5 10. b3 Nc6 11. Be3 Rc8 12. h3 Qc7 13. Re1 dxc4 14. bxc4 Rfd8 15. Bf1 Bb7 16. Rc1 Ba3 17. Rb1 Bd6 18. Nb3 Ne4 19. Qc1 Ne7 20. Nfd2 Nf5 21. Bd3 Nxd2 22. Qxd2 Nxe3 23. Qxe3 Bf4 24. Qe2 Qc6 25. f3 Qd6 26. Rbd1 Bg3 27. Rf1 g6 28. Kh1 Ba6 29. Rc1 Bf4 30. Rc2 Bh6 31. Rd1 Qg3 32. Qe1 Qxe1+ 33. Rxe1 Bg7 34. Rec1 Bxd4 35. Nxd4 Rxd4 36. Be2 Kg7 37. Kg1 Kf6 38. Kf2 Rc5 39. Ke3 Rd7 40. Rc3 Re5+ 41. Kf2 Rd2 42. Re3 Rxa2 43. f4 Rxe3 44. Kxe3 Ke7 45. Bf3 Ra4 46. Kd3 Kd6 47. Be2 Kc5 48. Ke4 f6 49. Rd1 Bb7+ 50. Ke3 Bxg2 51. h4 Ra3+ 52. Kf2 Bh3 53. Rd7 Ra2 54. Ke3 h5 55. Rf7 a5 56. Bd3 Ra3 57. Kd2 a4 58. Rc7+ Kd6 59. Rb7 Kc6 60. Be4+ Kc5 61. Rc7+ Kd4 62. Bxg6 Ra2+ 63. Kc1 Kc3 64. Kd1 Bg4+ 65. Ke1 Re2+ 66. Kf1 a3 67. c5 bxc5 68. Rxc5+ Kd4 69. Ra5 a2 70. f5 exf5 71. Bf7 Ke3 72. Ra3+ Kf4 73. Bxa2 Re3 74. Ra7 Kg3 75. Rb7 Be2+ 76. Kg1 Ra3 77. Rg7+ Kxh4 0-1